| 000 | 00620nam a2200193 i 4500 | ||
|---|---|---|---|
| 001 | 71423 | ||
| 003 | ES-MaACL | ||
| 005 | 20230906171127.0 | ||
| 007 | t| | ||
| 008 | 040810s1971 sp ||||1| spa d | ||
| 100 | 1 |
_aGeiselmann, Josef Rupert. _956227 |
|
| 245 | 1 | 0 |
_aJesús el Cristo / _cJosef Rupert Geiselmann ; versión por Luis F. Marco Benlloch. |
| 260 |
_aAlcoy : _bMarfil, _c1971. |
||
| 300 |
_av. ; _c22 cm. |
||
| 505 | 8 | _aContiene: T.1: La cuestión del Jesús histórico | |
| 700 | 1 |
_aMarco Benlloch, Luis F. _976475 |
|
| 740 | 3 | _aLa cuestión del Jesús histórico. | |
| 852 |
_aES-MaACL _jP-1806 _bR.77298 |
||
| 999 |
_c71423 _d71423 |
||